000 00376pab a2200157 454500
008 180718b1997 xxu||||| |||| 00| 0 eng d
100 _aChatterjee, Shekhar
245 _aHawker eviction
260 _c1997
300 _ap.8
362 _a31 Jan
650 _aCities and towns - India - West Bengal
650 _aUrban development
773 _aStatesman
909 _a34369
999 _c34369
_d34369